000 00403nam a2200157Ia 4500
008 250602s2025 xx 000 0 und d
020 _a978-93-539-4928-0
041 _aeng
082 _a320.011/ROY
100 _aRoy, HImanshu
245 _aIndian Political Thought
250 _a3 Ed.
260 _aNioda
_bPearson India Edu. S. Pvt. Ltd.
_c2025
300 _a504p
906 _aPOLITICAL SCIENCE
999 _c1210075
_d1210075